Datum a čas kvízu

34 Celkem bodů Celkový počet nahraných bodů na tomto kvízu bez doplňovacích otázek.
5. Pořadí na kvízu Konečné umístění týmu na tomto kvízu.

Zaznamenané odpovědi

# Otázka Odpověď Body Výsledky
1. Mezi tradičními novoročními zp... Břeclav 0
2. Britský deník The Times zveřej... Mikuláš Minář 1
3. Jedné americké herečce byl zab... Sharon Stone 0
4. Novým majitelem hnědouhelné el... Pavel Tykač 1
5. Kolik fanoušků sledovalo v Drá... 30 000 diváků 1
6. 1. ledna došlo ke zvýšení rodi... 300 000 Kč 1
7. Na úterý 3. listopadu jsou nap... New Hampshire 1
8. 25. ledna začíná čínský rok __... kovové 0
9. Nejbezpečnějšími aerolinkami p... Qantas 1
10. Mezi 12. červnem a 12. červenc... Anglie, Chorvatsko 1